000 00405nam a2200181Ia 4500
003 0STCL
008 150530s9999 xx 000 0 und d
040 _aSTCL
_cSTCL
100 _aParappurath
245 _aSusanna
250 _a1
260 _bSahithya Pravarthaka Co Operative Society
_c1968
300 _a0
546 _aMalayalam
942 _2ddc
_cBK
999 _c77955
_d77955
005 20220125171654.0